00623nam a22001697a 4500003000400000008004100004082001800045100002700063245014000090260003900230300001000269502001700279650001300296942001100309999001700320952011600337OSt260505b |||||||| |||| 00| 0 eng d a633.491bP74E aPrasad, Kamlesh Kumar. aEffect of Different Organic Sources on Growth, Yield and Quality of Potato (Solanum tuberosum L.) Varieties / cby Kamlesh Kumar Prasad a.- Pusa, Samastipurb: RAUc, 2010 a107p. bPh. D.d2010 aAgronomy 2ddccT c50425d50425 00102ddc4070aRAUbRAUd2026-05-05eby Authorg0.00l0o633.491 P74Ep62576r2026-05-05w2026-05-05yTkGift